000
00316nam a22001457a 4500
008
230317b ||||| |||| 00| 0 eng d
020
_a
2901412959659
041
_a
eng
080
_a
82
082
_a
82COL
100
_a
40
101
_a
GJUH TE HUJA
245
_a
LANGUAGE LEARNERS
_c
COLOMBO M
942
_2
udc
_c
BK
999
_c
59378
_d
59378